00876nam a2200205 a 450000100100000000500170001000800410002702000180006804000250008608200160011110000420012724501850016926000460035430000360040050400280043659000260046470000480049095201150053899900170065300004854520201002061230.0190329s2017 dr ac r 000 0 spa d a9789945087475 aDO-SdBNPbspacBNPHU axxxxbF363n1 aFernández Gómez, Joaquín97601010aNuestra huella :bprimeros 25 años del Centro Español /cJoaquín Fernández Gómez ; redacción, composición, corrección y cuidado de edición Carmen Pérez Valerio. aSanto Domingo :bCentro Español,c2017. a895 p. :bil., retrs. ;c32 cm. aBibliografía : p. 895 aInventariado, 2019/BT1 aPérez Valerio, Carmen,ecorr., ed.924605 00107-18PDaPDbPDcOId2019-03-29iLF1l0oxxxx F363np48545-10r2020-06-25w2020-06-25yLFPDZNo se presta c48033d48033